Student's Solution Manual: Statistics for Manual (Record no. 4169)

MARC details
005 - DATE AND TIME OF LATEST TRANSACTION
control field 20250617050850.0
020 ## - INTERNATIONAL STANDARD BOOK NUMBER
International Standard Book Number 0-13-027422-4
082 ## - DEWEY DECIMAL CLASSIFICATION NUMBER
Classification number 519.5 BOU
100 ## - MAIN ENTRY--PERSONAL NAME
Author name BOURREAU, N.
245 ## - TITLE STATEMENT
Title Student's Solution Manual: Statistics for Manual
250 ## - EDITION STATEMENT
Edition statement 8th Ed.
260 ## - PUBLICATION, DISTRIBUTION, ETC.
Place of publication, distribution, etc. New York,
Name of publisher, distributor, etc. Prentice,
Date of publication, distribution, etc. 2000.
300 ## - PHYSICAL DESCRIPTION
Extent v, 377p.; ill.; figure, table
Dimensions 25cm
700 ## - ADDED ENTRY--PERSONAL NAME
Other authors/Editors McCLAVE
942 ## - ADDED ENTRY ELEMENTS (KOHA)
Source of classification or shelving scheme Dewey Decimal Classification
Koha item type Books
Holdings
Date last seen Total checkouts Full call number Barcode Cost, replacement price Price effective from Koha item type Lost status Source of classification or shelving scheme Damaged status Not for loan Withdrawn status Home library Current library Shelving location Date acquired Cost, normal purchase price
06/17/2025   519.5 BOU DOM000872 240000.00 06/17/2025 Books   Dewey Decimal Classification       CBE Dodoma CBE Dodoma General Collection 04/06/2009 80000.00